Countries that Start with P - Map Quiz - Statistics

General Stats
  • This quiz has been taken 99 times
  • The average score is 9 of 9
Answers on the Map
Answers color-coded by a green-red scale on the quiz's map according to % correct below.
 
Answer Stats
Country % Correct
Poland
100%
Portugal
100%
Pakistan
99%
Peru
99%
Panama
98%
Paraguay
98%
Philippines
97%
Papua New Guinea
95%
Palau
89%
No matching quizzes found
Score Distribution
Percent of People with Each Score
Percentile by Number Answered
Your Score History
You have not taken this quiz